| 000 | 00684nam a2200205Ia 4500 | ||
|---|---|---|---|
| 003 | GCL | ||
| 008 | 140319s9999 xx 000 0 ara d | ||
| 040 |
_aGCL / _cGCL |
||
| 082 | 0 | 4 |
_a597.092 _bص ح |
| 100 | 1 | _aصنع الله ابراهيم | |
| 245 | 1 | 0 |
_aالحياة والموت فى بحر ملون : انه عالم البحر الاحمر الرائع / _cصنع الله ابراهيم |
| 300 | _a184 ص | ||
| 490 |
_aمكتبة الروايات العلمية _v0 |
||
| 650 | 0 | 4 | _aالبحار |
| 650 | 0 | 4 | _aالبحر الاحمر |
| 650 | 0 | 4 | _aالاسماك |
| 650 | 0 | 4 | _aالاحياء المائية |
| 650 | 0 | 4 | _aالاحياء البحرية |
| 942 |
_2ddc _cBK |
||
| 999 |
_c38167 _d38167 |
||